000 01237nam a2200229Ia 4500
003 Ost
005 20260426125804.0
008 260426s9999||||xx |||||||||||||| ||und||
040 _cfsecg
041 _aeng
082 _a658.406
100 _aCHERIFI, HASSIBA
_eAuthor
245 0 _aManagement of creativity and innovation /
_cHASSIBA CHERIFI
260 _aAlgiers :
_bUniversity of Algiers 3 Faculty of Economics Commercial Sciences and Management,
_c2024
300 _a100 paper,
_c12 cm
504 _abibliography paper 79 - 85 Andex paper 86
520 _aCREATIVITY THEORIES AND INNOVATION THEORIES,THE BASIC PRINCIPLES OF MANAGEMENT OF CREATIVITY AND INNOVATION, MANAGEMENT METHODS AND TOOLS OF CREATIVITY AND INNOVATION,DEFINITIONS AND SOLUTIONS IN THE MANAGEMENT OF CREATIVITY AND INNOVATION,EXAMENS OF BEST PRACTICES IN 52 THE MANAGEMENT OF CREATIVITY AND INNOVATION,INTELLECTUAL PROPERTY AND INNOVATION,CHALLENGES AND OPPORTUNITIES INNOVATION IN A CHANGING WORLDSECTION I- TECHNOLOGICAL AND SOCIETAL TRENDS WHO INFLUENCE INNOVATION
653 _acreativity
653 _aManagement
710 _aUniversity of Algiers 3 Faculty of Economics Commercial Sciences and Management
_eScientific publisher
942 _cHANDOUT
999 _c41505
_d41505